000 00853nam a2200253Ia 4500
003 OSt
005 20221005112820.0
006 a|||||r|||| 00| 0
007 ta
008 221004b |||||||| |||| 00| 0 pan d
020 _a8182990726 (hbk)
_c120
024 _a94677
037 _b72872, 31/12/2008, Arsee Publishers
_cTextual
040 _aCRL
_cCRL
_bpan
041 _2pan
_apan
082 _aO153,3NK04x, [P9]
100 _aਕੋਮਲ, ਹਰਭਜਨ ਸਿੰਘ
245 0 _aਕੱਚੇ ਪੱਕੇ ਲੋਕ
260 _aਦਿੱਲੀ
_bਆਰਸੀ ਭਾਰਤ
_c2005
300 _a120ਪੰ
_ccm.
650 _aਪੰਜਾਬੀ ਸਾਹਿਤ
942 _hO153,3NK04x, [P9]
_cTEXL
_2cc
999 _c1026065
_d1026065